[Event "XXXIV C.to Italiano Seniores"]
[Site "Arvier ITA"]
[Date "2012.04.17"]
[Round "4"]
[White "Spano' Cuomo, Gaetano"]
[Black "Zangrando, Gianpietro"]
[WhiteElo "1802"]
[BlackElo "1780"]
[Result "1-0"]
[PlyCount "65"]
[EventDate "2012.04.14"]

1. d4 e6 2. c4 f5 3. f4 Nf6 4. Nf3 Ne4 5. Nc3 Nxc3 6. bxc3 d6 7. e3 Nd7 8. Bd3
Nf6 9. Qc2 g6 10. O-O Bg7 11. Bb2 O-O 12. Rad1 b6 13. Nd2 Bb7 14. Rfe1 Nh5 15.
Be2 Nf6 16. Bf3 Bxf3 17. Nxf3 Ne4 18. Ba3 Qc8 19. d5 exd5 20. cxd5 Bxc3 21. Nd2
Bxd2 22. Rxd2 Nxd2 23. Qxd2 Qd8 24. Bb2 Kf7 25. Qd4 Rg8 26. e4 Qd7 27. e5 dxe5
28. fxe5 Qc8 29. e6+ Ke8 30. Qe5 h6 31. Rc1 Rf8 32. Rxc7 Qb8 33. Qd6 1-0

[Event "XXXIV C.to Italiano Seniores"]
[Site "Arvier ITA"]
[Date "2012.04.18"]
[Round "5"]
[White "Barlocco, Carlo"]
[Black "Goli, Daniele"]
[WhiteElo "2087"]
[BlackElo "1961"]
[Result "1-0"]
[PlyCount "61"]
[EventDate "2012.04.14"]

1. d4 Nf6 2. Nf3 g6 3. Nc3 Bg7 4. e4 d6 5. Be3 c6 6. Qd2 Qa5 7. Bd3 Nbd7 8. O-O
Ng4 9. Bg5 h6 10. Bh4 Ngf6 11. Rad1 O-O 12. Rfe1 Re8 13. e5 dxe5 14. dxe5 Ng4
15. e6 Nde5 16. exf7+ Kxf7 17. Nxe5+ Nxe5 18. Bf1 Bf5 19. Qf4 Rad8 20. Rxd8
Rxd8 21. g4 Rd4 22. Qe3 Rxg4+ 23. Bg3 Qb6 24. h3 Rg5 25. Kh1 Qxe3 26. Rxe3 Be6
27. f4 Rf5 28. Kg2 Nc4 29. Rxe6 Ne5 30. Rxe5 Bxe5 31. fxe5 1-0

[Event "XXXIV C.to Italiano Seniores"]
[Site "Arvier ITA"]
[Date "2012.04.18"]
[Round "5"]
[White "Beltrami, Nerio"]
[Black "Colombo, Paolo"]
[WhiteElo "1934"]
[BlackElo "2119"]
[Result "0-1"]
[PlyCount "60"]
[EventDate "2012.04.14"]

1. e4 d6 2. d4 Nf6 3. Nc3 c6 4. a4 Qa5 5. Bd3 e5 6. Nge2 Be7 7. O-O Bg4 8. f3
Bh5 9. Be3 Nbd7 10. Qd2 Bg6 11. b4 Qc7 12. a5 O-O 13. Na4 d5 14. dxe5 Nxe5 15.
Nf4 dxe4 16. fxe4 Rad8 17. Bc5 Nxe4 18. Qe2 Nxc5 19. Nxc5 Rfe8 20. Qf2 Bd6 21.
g3 Re7 22. a6 b6 23. Nb7 Nxd3 24. cxd3 Bxb4 25. Qf3 Rde8 26. Rac1 Re1 27. Rc4
Bd2 28. d4 Qd7 29. Kh1 Rxf1+ 30. Qxf1 Re1 0-1

[Event "XXXIV C.to Italiano Seniores"]
[Site "Arvier ITA"]
[Date "2012.04.18"]
[Round "5"]
[White "Berendino, Giacomo"]
[Black "Centofante, Maria Rosa"]
[WhiteElo "1576"]
[BlackElo "1608"]
[Result "1-0"]
[PlyCount "81"]
[EventDate "2012.04.14"]

1. d4 Nf6 2. Nf3 g6 3. g3 Bg7 4. Bg2 d5 5. O-O O-O 6. b4 e6 7. Nbd2 Bd7 8. Ne5
Ba4 9. Nb3 b6 10. Bb2 Nc6 11. Qd2 Nxe5 12. dxe5 Nd7 13. f4 f5 14. Nd4 Kf7 15.
c4 c5 16. Nxe6 Kxe6 17. Qxd5+ Ke7 18. Qd6+ Ke8 19. Bxa8 Qxa8 20. b5 Qb7 21.
Rac1 a6 22. bxa6 Qxa6 23. Rf3 Qb7 24. Rd3 Bc6 25. Kf2 Be4 26. Rdd1 Qc6 27. Ba1
Qxd6 28. Rxd6 Ke7 29. Rcd1 Rd8 30. Bb2 Bb7 31. Ba3 Bc8 32. e6 Bd4+ 33. R1xd4
cxd4 34. Rxd7+ Ke8 35. Rxh7 Bxe6 36. Re7+ Kf8 37. Rxe6+ Kf7 38. Rxb6 d3 39.
exd3 Rxd3 40. Bb4 Rd2+ 41. Bxd2 1-0

[Event "XXXIV C.to Italiano Seniores"]
[Site "Arvier ITA"]
[Date "2012.04.18"]
[Round "5"]
[White "Bisignano, Giuseppe"]
[Black "Pipitone, Antonio"]
[WhiteElo "1850"]
[BlackElo "1941"]
[Result "1-0"]
[PlyCount "91"]
[EventDate "2012.04.14"]

1. e4 c5 2. Nc3 Nc6 3. f4 e6 4. Nf3 d5 5. d3 d4 6. Ne2 Nf6 7. e5 Nd5 8. g4 Be7
9. Bg2 h6 10. O-O Qc7 11. Re1 Bd7 12. Ng3 O-O-O 13. Bd2 Rdf8 14. c3 Kb8 15.
cxd4 cxd4 16. Rc1 Qb6 17. b4 Ndxb4 18. Bxb4 Bxb4 19. Rb1 Qc7 20. Re2 Bc5 21.
Nd2 Bb6 22. Nc4 f6 23. Reb2 fxe5 24. Nxb6 axb6 25. Rxb6 exf4 26. Ne4 Nd8 27.
Nd6 f3 28. Bxf3 Rxf3 29. Qxf3 Bc6 30. Rxc6 Qxc6 31. Rxb7+ Ka8 32. Qxc6 Nxc6 33.
Rxg7 Ne5 34. Nb5 Nxd3 35. Nxd4 Nb4 36. a3 e5 37. axb4 exd4 38. Rd7 Rf8 39. Rxd4
Kb7 40. Kg2 Kc6 41. Kg3 Rf6 42. Kh4 Kb5 43. Kh5 Rf2 44. Kxh6 Rxh2+ 45. Kg6 Kc6
46. g5 1-0

[Event "XXXIV C.to Italiano Seniores"]
[Site "Arvier ITA"]
[Date "2012.04.18"]
[Round "5"]
[White "Bogatto, Mario"]
[Black "Jeanrenaud, Antonia"]
[WhiteElo "1421"]
[BlackElo "1597"]
[Result "1/2-1/2"]
[PlyCount "74"]
[EventDate "2012.04.14"]

1. c4 e5 2. Nc3 Bc5 3. e3 a6 4. Nf3 d6 5. h3 Nf6 6. d3 O-O 7. Be2 Re8 8. e4 h6
9. a3 Bd7 10. b4 Bb6 11. Bd2 Nc6 12. Rb1 Nd4 13. Nxd4 Bxd4 14. Bf3 c6 15. Ne2
Ba7 16. Qc1 b5 17. c5 d5 18. Qc2 d4 19. Ng3 Qe7 20. O-O Bb8 21. Nf5 Bxf5 22.
exf5 Qc7 23. Be4 Nxe4 24. dxe4 f6 25. Rb3 Kh7 26. Rg3 Rg8 27. Qd1 Qf7 28. Qg4
Bc7 29. Qg6+ Qxg6 30. fxg6+ Kh8 31. Rg4 Rgf8 32. Rb1 a5 33. Rb3 a4 34. Rf3 Bd8
35. Rf5 Be7 36. Rg3 Rad8 37. Rd3 Rd7 1/2-1/2

[Event "XXXIV C.to Italiano Seniores"]
[Site "Arvier ITA"]
[Date "2012.04.18"]
[Round "5"]
[White "Catalfamo, Santo"]
[Black "Nipote, Mario"]
[WhiteElo "1794"]
[BlackElo "1504"]
[Result "1-0"]
[PlyCount "67"]
[EventDate "2012.04.14"]

1. e4 e6 2. d4 d5 3. Nd2 dxe4 4. Nxe4 Nf6 5. Bg5 Be7 6. Bxf6 Bxf6 7. c3 O-O 8.
Nf3 Nd7 9. Bd3 b6 10. Qc2 Bb7 11. h4 h6 12. O-O-O Rc8 13. Be2 Qe7 14. g4 g6 15.
g5 Bg7 16. Kb1 h5 17. Rhg1 c5 18. Ng3 Rfd8 19. dxc5 Nxc5 20. Nd2 Ba6 21. Bxa6
Nxa6 22. a3 Qb7 23. Qe4 Qc7 24. Ne2 Nc5 25. Qc4 Rd6 26. Ne4 Rxd1+ 27. Rxd1 Nxe4
28. Qxe4 a5 29. Qd3 Qc4 30. Qd7 Rc7 31. Qe8+ Kh7 32. Rd8 Qe4+ 33. Ka2 Qc4+ 34.
Ka1 1-0

[Event "XXXIV C.to Italiano Seniores"]
[Site "Arvier ITA"]
[Date "2012.04.18"]
[Round "5"]
[White "Cavatorta, Fosco"]
[Black "D'Aulisa, Francesco"]
[WhiteElo "1929"]
[BlackElo "1755"]
[Result "1-0"]
[PlyCount "93"]
[EventDate "2012.04.14"]

1. d4 e6 2. Nf3 h6 3. e4 d6 4. Bd3 a6 5. b3 Nd7 6. Bb2 Ne7 7. c4 b6 8. Nc3 Bb7
9. Qe2 g5 10. d5 e5 11. Nd1 Ng6 12. g3 Bc8 13. Ne3 Nf6 14. Nf5 Bd7 15. h4 g4
16. Nh2 h5 17. f3 gxf3 18. Qxf3 Bxf5 19. Qxf5 Bg7 20. O-O Qd7 21. Rf3 Qxf5 22.
Rxf5 Ne7 23. Rf3 Ng6 24. Raf1 Ke7 25. Bc1 Rhg8 26. Bg5 Bh8 27. Kh1 Raf8 28.
Bxf6+ Bxf6 29. Rxf6 Nf4 30. gxf4 Kxf6 31. fxe5+ Kxe5 32. Nf3+ Kf4 33. Ng5+ Kg3
34. Nh7 Kxh4 35. Nxf8 Rxf8 36. Rg1 Rh8 37. Rg7 Rh6 38. Rxf7 Rg6 39. e5 Rg3 40.
exd6 Rxd3 41. d7 Kh3 42. Rf1 Rd2 43. Re1 Kg3 44. Re3+ Kf2 45. Rh3 Rd1+ 46. Kh2
Rg1 47. Rf3+ 1-0

[Event "XXXIV C.to Italiano Seniores"]
[Site "Arvier ITA"]
[Date "2012.04.18"]
[Round "5"]
[White "Chiandussi, Livio"]
[Black "Bonino, Silvano"]
[WhiteElo "1484"]
[BlackElo "1516"]
[Result "1/2-1/2"]
[PlyCount "100"]
[EventDate "2012.04.14"]

1. d4 d5 2. c4 Nf6 3. cxd5 Nxd5 4. e4 Nf6 5. Nc3 a6 6. Bg5 Nbd7 7. Nf3 h6 8.
Bh4 g5 9. Bg3 Nh5 10. Qb3 Nxg3 11. hxg3 e6 12. O-O-O Qe7 13. Nd2 Qb4 14. Qxb4
Bxb4 15. f4 Be7 16. Bd3 Bf6 17. e5 Bg7 18. d5 Nb6 19. Be4 exd5 20. Nxd5 Nxd5
21. Bxd5 c6 22. Be4 Be6 23. Nb3 Bxb3 24. axb3 Rd8 25. Kc2 Rxd1 26. Rxd1 Ke7 27.
Rd4 Rd8 28. Rxd8 Kxd8 29. Kd3 Kc7 30. Kc4 b6 31. Bf3 Kd8 32. Bxc6 Kc7 33. Be4
f6 34. Kd5 fxe5 35. fxe5 Bf8 36. Ke6 Kd8 37. Kf7 Bc5 38. e6 h5 39. Kf6 h4 40.
gxh4 gxh4 41. Kf5 Bf2 42. Kf6 Bc5 43. Ke5 Ke7 44. Kd5 a5 45. Bf5 Bf2 46. Kc4
Kd6 47. Kb5 Bc5 48. Kc4 Ke7 49. Kd5 Bf2 50. Kc4 Kd6 1/2-1/2

[Event "XXXIV C.to Italiano Seniores"]
[Site "Arvier ITA"]
[Date "2012.04.18"]
[Round "5"]
[White "Cova, Ennio"]
[Black "Brioschi, Camillo"]
[WhiteElo "1700"]
[BlackElo "1839"]
[Result "1/2-1/2"]
[PlyCount "83"]
[EventDate "2012.04.14"]

1. e4 e5 2. Nf3 Nc6 3. Bb5 a6 4. Ba4 Nf6 5. O-O Be7 6. Re1 b5 7. Bb3 O-O 8. h3
d5 9. exd5 Nxd5 10. Nxe5 Nxe5 11. Rxe5 c6 12. d4 Bd6 13. Re1 Qh4 14. Qf3 Qxd4
15. c3 Qf6 16. Bxd5 cxd5 17. Qxf6 gxf6 18. Be3 Re8 19. Nd2 Bf5 20. Nf3 Rac8 21.
Bd4 Kg7 22. Rxe8 Rxe8 23. Re1 Rxe1+ 24. Nxe1 a5 25. a3 Bf4 26. Be3 Bd6 27. Nf3
b4 28. axb4 axb4 29. Nd4 Be6 30. Kf1 bxc3 31. bxc3 f5 32. Ke1 f4 33. Bd2 Kf6
34. Ke2 Bf5 35. Nxf5 Kxf5 36. f3 Bc5 37. Kd3 Ke5 38. Bc1 Bf2 39. Bd2 Bg3 40.
Bc1 Bh4 41. c4 dxc4+ 42. Kxc4 1/2-1/2

[Event "XXXIV C.to Italiano Seniores"]
[Site "Arvier ITA"]
[Date "2012.04.18"]
[Round "5"]
[White "Laco, Giuseppe"]
[Black "Guaglianone, Mario"]
[WhiteElo "2098"]
[BlackElo "2016"]
[Result "1-0"]
[PlyCount "75"]
[EventDate "2012.04.14"]

1. c4 e5 2. Nc3 Bb4 3. e3 Nf6 4. Nd5 Nxd5 5. cxd5 O-O 6. a3 Bd6 7. b4 c6 8. Qb3
Qe7 9. Bb2 cxd5 10. Qxd5 Nc6 11. b5 Na5 12. Nf3 Qe6 13. Qxe6 fxe6 14. Bxe5 Bxe5
15. Nxe5 d6 16. Nc4 Nxc4 17. Bxc4 Bd7 18. Ke2 Rfc8 19. Bd3 Rc5 20. a4 Rac8 21.
f3 h6 22. h4 e5 23. Rhb1 Be6 24. Rb4 Bc4 25. Rxc4 Rxc4 26. Bxc4+ Rxc4 27. g3
Kf7 28. Kd3 Rc5 29. Ra3 Rc1 30. Rc3 Ra1 31. Rc7+ Kf6 32. Rxb7 Rxa4 33. Rd7 Ke6
34. Rxg7 Rb4 35. Rxa7 Rxb5 36. Rh7 h5 37. Rh6+ Kd7 38. e4 1-0

[Event "XXXIV C.to Italiano Seniores"]
[Site "Arvier ITA"]
[Date "2012.04.18"]
[Round "5"]
[White "Lodi, Paolo"]
[Black "Nai, Giovanni"]
[WhiteElo "1595"]
[BlackElo "1651"]
[Result "0-1"]
[PlyCount "74"]
[EventDate "2012.04.14"]

1. c4 e5 2. Nc3 Nf6 3. g3 c6 4. Bg2 d5 5. cxd5 cxd5 6. d3 Nc6 7. Bg5 Be6 8. a3
Be7 9. Rc1 Qd7 10. Qc2 Rc8 11. Qb1 O-O 12. e3 h6 13. Bxf6 Bxf6 14. Nge2 Be7 15.
O-O f5 16. f4 e4 17. d4 Na5 18. Qc2 b5 19. b4 Nc4 20. Kf2 Nxa3 21. Qa2 Bxb4 22.
Qb3 a5 23. Ra1 Nc4 24. Ra2 Rc7 25. Rd1 Rfc8 26. Nb1 Bf7 27. Nbc3 Nxe3 28. Kxe3
Bxc3 29. Kf2 Bb4 30. Raa1 Bh5 31. Rdc1 Bxe2 32. Rxc7 Rxc7 33. Kxe2 Rc4 34. Kd1
Rxd4+ 35. Ke2 Rd2+ 36. Kf1 Qa7 37. Rc1 Qf2# 0-1

[Event "XXXIV C.to Italiano Seniores"]
[Site "Arvier ITA"]
[Date "2012.04.18"]
[Round "5"]
[White "Maestri, Roberto"]
[Black "Papa, Angelo"]
[WhiteElo "1711"]
[BlackElo "1852"]
[Result "0-1"]
[PlyCount "60"]
[EventDate "2012.04.14"]

1. e4 g6 2. d4 Bg7 3. Nc3 c6 4. f4 d5 5. e5 Nh6 6. Be3 O-O 7. Nf3 Bg4 8. h3
Bxf3 9. Qxf3 Nf5 10. Bd3 Nxe3 11. Qxe3 e6 12. O-O-O a6 13. h4 c5 14. h5 cxd4
15. Qxd4 f6 16. Bxg6 fxe5 17. fxe5 Qg5+ 18. Kb1 hxg6 19. hxg6 Qxg6 20. Qh4 Nc6
21. Rd3 Bxe5 22. Rg3 Rf1+ 23. Rxf1 Bxg3 24. Qh3 Be5 25. Ne2 Rf8 26. Re1 Nd4 27.
g3 Nxc2 28. Nf4 Na3+ 29. Ka1 Qb1+ 30. Rxb1 Nc2# 0-1

[Event "XXXIV C.to Italiano Seniores"]
[Site "Arvier ITA"]
[Date "2012.04.18"]
[Round "5"]
[White "Piazza, Giacomo"]
[Black "Lisandri, Luigi"]
[WhiteElo "1619"]
[BlackElo "1434"]
[Result "1-0"]
[PlyCount "121"]
[EventDate "2012.04.14"]

1. e4 e5 2. Nf3 Nf6 3. Nc3 Nc6 4. a3 Bc5 5. h3 O-O 6. Bc4 Re8 7. O-O a6 8. d3
d6 9. Na4 Ba7 10. Ba2 b5 11. Nc3 Nd4 12. Bg5 Be6 13. Nd5 Kh8 14. c3 Nxf3+ 15.
Qxf3 c6 16. Nxf6 Bxa2 17. Nxh7 Qd7 18. Qh5 Kg8 19. Rxa2 Qe6 20. Raa1 Qg6 21.
Nf6+ gxf6 22. Qxg6+ fxg6 23. Bxf6 Rf8 24. Bh4 Rf7 25. b3 Raf8 26. Ra2 Kg7 27.
Bg3 g5 28. Rd2 Be3 29. Re2 Bf4 30. Bh2 Bxh2+ 31. Kxh2 g4 32. f3 gxh3 33. Kxh3
Rf6 34. Kg3 Rh8 35. Kf2 c5 36. Ke3 Kf7 37. Kd2 Ke6 38. Ref2 Rfh6 39. Rg1 R8h7
40. f4 exf4 41. Rxf4 Rh2 42. Rf2 Rg7 43. Ke2 Rg3 44. Rf3 Rgxg2+ 45. Rxg2 Rxg2+
46. Rf2 Rg3 47. Rh2 Kd7 48. Kd2 Kc6 49. Re2 Kc7 50. b4 c4 51. dxc4 bxc4 52. Kc2
Kc6 53. a4 Rd3 54. Rd2 Re3 55. Rd4 Re2+ 56. Kd1 Ra2 57. Rxc4+ Kd7 58. b5 axb5
59. axb5 Rb2 60. Rb4 Rxb4 61. cxb4 1-0

[Event "XXXIV C.to Italiano Seniores"]
[Site "Arvier ITA"]
[Date "2012.04.18"]
[Round "5"]
[White "Pierantoni, Guglielmo"]
[Black "Galanti, Paolo"]
[WhiteElo "1693"]
[BlackElo "1416"]
[Result "0-1"]
[PlyCount "82"]
[EventDate "2012.04.14"]

1. e4 c5 2. Bc4 d6 3. h3 e6 4. Nf3 Nf6 5. d3 Be7 6. O-O Nc6 7. a3 a6 8. a4 O-O
9. Be3 Bd7 10. c3 b5 11. axb5 axb5 12. Rxa8 Qxa8 13. Bxb5 Qb7 14. c4 Na7 15.
Bxd7 Qxd7 16. Nc3 Qb7 17. Qa1 Ra8 18. Qb1 Nc6 19. Qc2 Nb4 20. Qd2 Nc6 21. Rb1
Qd7 22. Nb5 e5 23. Qc3 Nd4 24. Bxd4 cxd4 25. Qd2 h6 26. b4 Nh5 27. Qc2 Nf4 28.
Kh2 Rc8 29. Qd2 Bg5 30. h4 Be7 31. Nbxd4 Qg4 32. Rg1 exd4 33. Nxd4 Bxh4 34. Nf3
Bf6 35. Qd1 Qh5+ 36. Kg3 Ne6 37. Rh1 Qg6+ 38. Kh2 Nf4 39. g3 Ne6 40. Kg1 Qg4
41. Nh4 Qxd1+ 0-1

[Event "XXXIV C.to Italiano Seniores"]
[Site "Arvier ITA"]
[Date "2012.04.18"]
[Round "5"]
[White "Quagliarella, Sabino Remo"]
[Black "Antonelli, Fabrizio"]
[WhiteElo "1901"]
[BlackElo "2023"]
[Result "0-1"]
[PlyCount "104"]
[EventDate "2012.04.14"]

1. d4 Nf6 2. Nf3 g6 3. g3 Bg7 4. Bg2 O-O 5. O-O d6 6. c4 Nbd7 7. Nc3 c6 8. e4
e5 9. Bg5 h6 10. dxe5 dxe5 11. Be3 Qe7 12. h3 Nc5 13. Qc2 a5 14. b3 Nh5 15.
Bxc5 Qxc5 16. Na4 Qe7 17. Nb6 Ra6 18. Nxc8 Rxc8 19. Rad1 a4 20. Rd3 axb3 21.
axb3 Rca8 22. Rfd1 Ra2 23. Rd8+ Kh7 24. Qd3 Rxd8 25. Qxd8 Qc5 26. Rd2 Rxd2 27.
Nxd2 Nxg3 28. Qd3 Nh5 29. Qf3 Nf4 30. Nf1 Qd4 31. Ng3 Qd3 32. h4 h5 33. Qxd3
Nxd3 34. Ne2 Bf6 35. Bh3 Bxh4 36. Bc8 Bxf2+ 37. Kf1 b6 38. Bd7 c5 39. Nc3 Bh4
40. Nd5 Bd8 41. Kg1 Kh6 42. Kh2 Kg5 43. Bh3 f5 44. exf5 gxf5 45. Bf1 e4 46. Kg1
f4 47. Kh2 Ne5 48. b4 cxb4 49. Nxb4 Be7 50. Nd5 Bc5 51. Nc3 e3 52. Kh3 Nf3 0-1

[Event "XXXIV C.to Italiano Seniores"]
[Site "Arvier ITA"]
[Date "2012.04.18"]
[Round "5"]
[White "Renzini, Lorenzo"]
[Black "Giani, Franco"]
[WhiteElo "1745"]
[BlackElo "1942"]
[Result "1/2-1/2"]
[PlyCount "105"]
[EventDate "2012.04.14"]

1. c4 c5 2. g3 g6 3. Bg2 Bg7 4. Nf3 Nf6 5. d4 cxd4 6. Nxd4 O-O 7. O-O Nc6 8.
Nb3 d6 9. Nc3 Be6 10. Nd2 Qc8 11. Rb1 Nd7 12. Nd5 Nf6 13. b3 Bh3 14. Bb2 Bxg2
15. Kxg2 Rb8 16. Nxf6+ exf6 17. Ne4 Ne5 18. Qxd6 Qf5 19. f3 Rbd8 20. Qb4 b6 21.
g4 Nxg4 22. Qc3 Ne5 23. Qe3 Rfe8 24. Rbd1 Qe6 25. Nc3 Rxd1 26. Rxd1 Qc6 27. Nd5
Qb7 28. Qf4 Nd7 29. e4 f5 30. Bxg7 Kxg7 31. Re1 fxe4 32. Rxe4 Rxe4 33. Qxe4 Qc6
34. Qd4+ f6 35. Qe4 Ne5 36. Nc3 Qd6 37. Qd5 Qa3 38. Kg3 Qb2 39. Ne4 Qe2 40. Nd2
Qe1+ 41. Kg2 h5 42. Qd4 g5 43. Qf2 Qc1 44. Ne4 Qd1 45. h3 Nd3 46. Qd2 Ne1+ 47.
Kf1 Qxf3+ 48. Qf2 Qxe4 49. Qxe1 Qf3+ 50. Kg1 Qxh3 51. Qe7+ Kg6 52. Qe8+ Kg7 53.
Qe7+ 1/2-1/2

[Event "XXXIV C.to Italiano Seniores"]
[Site "Arvier ITA"]
[Date "2012.04.18"]
[Round "5"]
[White "Rosino, Antonio"]
[Black "Iudicello, Giovanni"]
[WhiteElo "2234"]
[BlackElo "2159"]
[Result "0-1"]
[PlyCount "86"]
[EventDate "2012.04.14"]

1. e4 e5 2. Nf3 Nc6 3. Nc3 Nf6 4. Bb5 Bb4 5. O-O O-O 6. d3 d6 7. Bg5 Bxc3 8.
bxc3 Qe7 9. Re1 Nd8 10. d4 Ne6 11. Bc1 c5 12. a4 Rd8 13. h3 h6 14. Bf1 Nh7 15.
d5 Nef8 16. c4 Ng6 17. Bd3 Rf8 18. Ra3 f5 19. exf5 Bxf5 20. Bxf5 Rxf5 21. Nh2
Raf8 22. Rf3 Qd7 23. c3 Nf4 24. Bxf4 Rxf4 25. Qb3 Qf7 26. Qc2 Ng5 27. Rxf4 Qxf4
28. Qe2 b6 29. Nf1 h5 30. Nd2 Rf6 31. Qe3 Qf5 32. Re2 Rg6 33. Kf1 Rf6 34. h4
Nf7 35. Ne4 Rg6 36. Ng3 Qb1+ 37. Re1 Qa2 38. Nxh5 Qxc4+ 39. Kg1 Qxh4 40. Ng3
Nh6 41. a5 Ng4 42. Qd3 Rf6 43. Re2 e4 0-1

[Event "XXXIV C.to Italiano Seniores"]
[Site "Arvier ITA"]
[Date "2012.04.18"]
[Round "5"]
[White "Scalfi, Agostino"]
[Black "Acunzo, Domenico"]
[WhiteElo "1923"]
[BlackElo "1717"]
[Result "1-0"]
[PlyCount "87"]
[EventDate "2012.04.14"]

1. e4 e6 2. d4 d5 3. Nd2 c5 4. exd5 exd5 5. Bb5+ Bd7 6. Qe2+ Be7 7. Ngf3 Nf6 8.
Bxd7+ Qxd7 9. dxc5 O-O 10. O-O Bxc5 11. Nb3 Bb6 12. Qd3 Nc6 13. a3 h6 14. Bf4
Rad8 15. Qd2 Ne4 16. Qd3 f5 17. Rad1 Qe8 18. Qb5 Qe6 19. a4 g5 20. Bc1 Rd7 21.
a5 Bd8 22. Nfd4 Nxd4 23. Rxd4 a6 24. Qe2 Bf6 25. Rd3 f4 26. Rfd1 Rfd8 27. Qh5
Kg7 28. f3 Nd6 29. Nc5 Qe2 30. Nxd7 Rxd7 31. Qg4 Rd8 32. h4 Qxc2 33. h5 Qc5+
34. Kh1 d4 35. Qe6 Qe5 36. Qxe5 Bxe5 37. Re1 Nc4 38. b3 Ne3 39. Bb2 Rc8 40.
Bxd4 Bxd4 41. Rxd4 Rc2 42. Rg1 Kf6 43. Rd6+ Ke5 44. Rxh6 1-0

[Event "XXXIV C.to Italiano Seniores"]
[Site "Arvier ITA"]
[Date "2012.04.18"]
[Round "5"]
[White "Spano' Cuomo, Gaetano"]
[Black "Palermiti, Francesco"]
[WhiteElo "1802"]
[BlackElo "1545"]
[Result "0-1"]
[PlyCount "77"]
[EventDate "2012.04.14"]

1. c4 c5 2. Nc3 e6 3. e3 Nf6 4. d4 cxd4 5. exd4 Qa5 6. Bd2 Bb4 7. a3 Bxc3 8.
Bxc3 Qc7 9. Nf3 d6 10. Bd3 b6 11. Rc1 Nbd7 12. O-O O-O 13. Re1 Bb7 14. b3 Rfe8
15. Bb1 Rac8 16. Qd3 Qd8 17. Nd2 d5 18. Qh3 a5 19. cxd5 Bxd5 20. b4 g6 21. Nf1
axb4 22. Bxb4 Nh5 23. Rxc8 Qxc8 24. Bd2 Qc4 25. Qe3 Qc7 26. Bd3 Ndf6 27. Rc1
Qb7 28. f3 Qb8 29. g4 Ng7 30. Qe5 Qa8 31. Bg5 Nd7 32. Qe3 f6 33. Bh4 g5 34. Bf2
Nf8 35. Bc4 Ng6 36. Qc3 Nf4 37. Bxd5 Nxd5 38. Kg2 Nxc3 39. Rxc3 0-1

[Event "XXXIV C.to Italiano Seniores"]
[Site "Arvier ITA"]
[Date "2012.04.18"]
[Round "5"]
[White "Tedesco, Fernando"]
[Black "Gardi, Giuseppe"]
[WhiteElo "1685"]
[BlackElo "2013"]
[Result "0-1"]
[PlyCount "83"]
[EventDate "2012.04.14"]

1. e4 g6 2. Nf3 Bg7 3. d4 d6 4. h3 c6 5. Nc3 Qc7 6. Be2 b5 7. O-O Nd7 8. Bf4 a6
9. Qd2 e5 10. dxe5 dxe5 11. Be3 Ngf6 12. b4 O-O 13. Rfd1 Re8 14. a3 Bf8 15. Ne1
a5 16. Nd3 Bb7 17. f3 Nh5 18. Qe1 axb4 19. axb4 Nf4 20. Bxf4 exf4 21. Rxa8 Bxa8
22. Nb1 g5 23. c3 Bb7 24. Nd2 c5 25. bxc5 Nxc5 26. Nxc5 Qxc5+ 27. Kh1 Qe5 28.
Nb3 Bxe4 29. Qd2 Bb7 30. Nd4 b4 31. cxb4 Bg7 32. Bb5 Rd8 33. Qe2 Qxe2 34. Bxe2
Rxd4 35. Rxd4 Bxd4 36. g3 Be5 37. g4 Kf8 38. Kg2 Ke7 39. Bc4 f6 40. Kf2 Bc3 41.
b5 Kd6 42. Bd3 0-1

[Event "XXXIV C.to Italiano Seniores"]
[Site "Arvier ITA"]
[Date "2012.04.18"]
[Round "5"]
[White "Valenti, Giuseppe"]
[Black "Facchetti, Gianni"]
[WhiteElo "2138"]
[BlackElo "2090"]
[Result "1-0"]
[PlyCount "93"]
[EventDate "2012.04.14"]

1. e4 e5 2. Nf3 Nc6 3. Bb5 Bc5 4. c3 Nf6 5. O-O O-O 6. d4 Bb6 7. Re1 exd4 8. e5
Ne8 9. cxd4 d5 10. Nc3 Ne7 11. a4 c6 12. Bd3 Bf5 13. Bxf5 Nxf5 14. Qd3 g6 15.
Bg5 Qd7 16. h3 Bd8 17. Bd2 Nc7 18. b4 Ne6 19. Ne2 Be7 20. Nh2 Rfc8 21. g4 Nfg7
22. f4 f5 23. exf6 Bxf6 24. Nf3 Nf8 25. Kh2 Re8 26. Ng3 Rxe1 27. Rxe1 Re8 28.
Ne5 Qc8 29. b5 Bh4 30. Rc1 Bxg3+ 31. Kxg3 Re6 32. bxc6 bxc6 33. Qb3 Qa6 34. Kf3
Ne8 35. Re1 Nf6 36. Qb8 Rxe5 37. Qxe5 Ne4 38. Be3 Qxa4 39. f5 Qc2 40. f6 Qa2
41. Qe7 Nxf6 42. Qxf6 Qh2 43. Bf4 Qxh3+ 44. Bg3 h5 45. gxh5 gxh5 46. Qg5+ Kh8
47. Kf2 1-0

[Event "XXXIV C.to Italiano Seniores"]
[Site "Arvier ITA"]
[Date "2012.04.18"]
[Round "5"]
[White "Zangrando, Gianpietro"]
[Black "De Polzer, Manfredi"]
[WhiteElo "1780"]
[BlackElo "1692"]
[Result "1-0"]
[PlyCount "51"]
[EventDate "2012.04.14"]

1. Nf3 c5 2. c4 Nc6 3. Nc3 Nf6 4. e4 d6 5. Be2 e5 6. O-O Be7 7. a3 Bd7 8. d3 a6
9. Bd2 Qc8 10. Rb1 a5 11. Ne1 Nd4 12. Nc2 Nb3 13. Be1 Qb8 14. Ne3 Nd4 15. Ned5
Nxd5 16. Nxd5 Bd8 17. b4 a4 18. bxc5 dxc5 19. f4 Bc6 20. fxe5 Qxe5 21. Bg3
Nxe2+ 22. Qxe2 Qe6 23. Qf2 Bxd5 24. exd5 Qg6 25. Rfe1+ Kf8 26. Qxc5+ 1-0

[Event "XXXIV C.to Italiano Seniores"]
[Site "Arvier ITA"]
[Date "2012.04.19"]
[Round "6"]
[White "Acunzo, Domenico"]
[Black "Galanti, Paolo"]
[WhiteElo "1717"]
[BlackElo "1416"]
[Result "1/2-1/2"]
[PlyCount "105"]
[EventDate "2012.04.14"]

1. e4 c5 2. Nf3 d6 3. Be2 Nf6 4. c3 e6 5. Qc2 Qc7 6. O-O a6 7. a4 Be7 8. Na3 e5
9. Nc4 Nbd7 10. d3 O-O 11. Bg5 h6 12. Bh4 b6 13. Ne3 Bb7 14. c4 Rfe8 15. Nd5
Nxd5 16. cxd5 Bxh4 17. Nxh4 Nf6 18. Qd2 Bc8 19. h3 Qe7 20. Nf3 Nh5 21. Rfc1 Nf4
22. Bf1 Qf6 23. Qe3 Qg6 24. Kh1 Qf6 25. Nd2 Bd7 26. Nc4 Rab8 27. Rcb1 a5 28. b3
Red8 29. Nb2 Bc8 30. Nc4 Kh8 31. Nb2 Rg8 32. Nd1 g5 33. Nc3 g4 34. Ne2 Nxe2 35.
Bxe2 gxh3 36. gxh3 Qg5 37. Rg1 Qxe3 38. fxe3 Bxh3 39. Bh5 Rbf8 40. Kh2 Bd7 41.
Raf1 f6 42. Rxg8+ Kxg8 43. Rg1+ Kh8 44. Rg3 Be8 45. Bxe8 Rxe8 46. Rg6 Rf8 47.
Rxh6+ Kg7 48. Rh5 Rh8 49. Rh3 Rh6 50. Kg3 Rxh3+ 51. Kxh3 Kg6 52. Kg4 Kh6 53.
Kf5 1/2-1/2

[Event "XXXIV C.to Italiano Seniores"]
[Site "Arvier ITA"]
[Date "2012.04.19"]
[Round "6"]
[White "Antonelli, Fabrizio"]
[Black "Rosino, Antonio"]
[WhiteElo "2023"]
[BlackElo "2234"]
[Result "1/2-1/2"]
[PlyCount "60"]
[EventDate "2012.04.14"]

1. e4 e5 2. Nf3 Nc6 3. Bb5 a6 4. Ba4 Nf6 5. O-O Nxe4 6. d4 b5 7. Bb3 d5 8. dxe5
Be6 9. c3 Bc5 10. a4 Rb8 11. axb5 axb5 12. Nbd2 O-O 13. Bc2 f5 14. Nb3 Bb6 15.
Nfd4 Nxd4 16. Nxd4 Bxd4 17. cxd4 f4 18. f3 Ng3 19. hxg3 fxg3 20. Re1 Qh4 21.
Be3 Qh2+ 22. Kf1 Bh3 23. Qe2 Rxf3+ 24. Qxf3 Rf8 25. Qxf8+ Kxf8 26. Re2 Bg4 27.
Ra8+ Kf7 28. Rd2 Qh1+ 29. Bg1 Qh6 30. Rd1 Qh1 1/2-1/2

[Event "XXXIV C.to Italiano Seniores"]
[Site "Arvier ITA"]
[Date "2012.04.19"]
[Round "6"]
[White "Barlocco, Carlo"]
[Black "Valenti, Giuseppe"]
[WhiteElo "2087"]
[BlackElo "2138"]
[Result "1/2-1/2"]
[PlyCount "116"]
[EventDate "2012.04.14"]

1. d4 Nf6 2. Nf3 e6 3. Bg5 h6 4. Bh4 c5 5. c3 b6 6. Nbd2 Bb7 7. e3 Be7 8. Bd3
cxd4 9. cxd4 d6 10. O-O Nbd7 11. Qe2 a6 12. Rac1 b5 13. e4 Nb6 14. Rfd1 g5 15.
Bg3 Nh5 16. Nb3 Nxg3 17. hxg3 Nd7 18. Qe1 Rc8 19. Rxc8 Bxc8 20. Rc1 g4 21. Nh2
Bg5 22. Rc2 h5 23. Qa5 O-O 24. Qxd8 Rxd8 25. f4 Bf6 26. e5 dxe5 27. dxe5 Be7
28. Rc7 Kf8 29. Nf1 Nb6 30. Be2 Na4 31. Nfd2 Nxb2 32. Ne4 Nc4 33. Bxc4 bxc4 34.
Na5 Rd1+ 35. Kf2 Bd7 36. Nxc4 Bb5 37. Ncd6 Rf1+ 38. Ke3 Re1+ 39. Kd4 Rd1+ 40.
Ke3 Re1+ 41. Kd2 Re2+ 42. Kd1 Rxa2 43. Nf6 Bxd6 44. exd6 Rxg2 45. Nxh5 Ba4+ 46.
Kc1 Rg1+ 47. Kb2 Rd1 48. Rc8+ Be8 49. Nf6 Rxd6 50. Rxe8+ Kg7 51. Nxg4 Rd2+ 52.
Kc3 Rg2 53. Ne5 Rxg3+ 54. Kd4 f6 55. Re7+ Kg8 56. Rxe6 fxe5+ 57. fxe5 Kf7 58.
Rxa6 Ke7 1/2-1/2